| 000 | 00506nam a22001937a 4500 | ||
|---|---|---|---|
| 003 | Ost | ||
| 005 | 20260407074828.0 | ||
| 008 | 260407b |||||||| |||| 00| 0 eng d | ||
| 020 | _a9781032292014 | ||
| 040 | _cBT-PhCST | ||
| 050 | _a25852-25856 | ||
| 082 |
_222 _a670 _bBEN |
||
| 100 | _aBenedict, Gary F. | ||
| 245 | _aNontraditional manufacturing processes / | ||
| 260 |
_aIndia : _bCRC Press, _cc1987. |
||
| 300 |
_axiii, 381 p. : _bill. ; _c23 cm. |
||
| 500 | _aIncludes index. | ||
| 942 |
_2ddc _cMEC |
||
| 999 |
_c10232 _d10232 |
||